Statystyki dla Tekst Pieśni - „Rota” Marii Konopnickiej

Kliknij tutaj aby rozwiązać quiz!

Ogólne statystyki

  • Ten quiz został rozwiązany 733 razy
  • Średni wynik to 50 z 79

Statystyki odpowiedzi

Odpowiedź% Poprawnych
{Ni}
98%
{Nie}
97%
{na}
96%
{Na}
96%
{z}
94%
{w}
93%
{nam}
92%
{nas}
90%
{i}
89%
{ród}!
89%
{będzie}
88%
{polski}
88%
{Polski}
88%
{damy}
87%
{Do}
87%
{my}
87%
{nasz}
87%
{Niemiec}
87%
{Bóg}!
86%
{naród},
86%
{pluł}
86%
{Tak}
86%
{ziemi}
86%
{skąd}
85%
{twarz}
85%
{dopomóż}
84%
{rzucim}
84%
{mowy}.
82%
{piastowy}.
81%
{dzieci}
79%
{germanił},
79%
{Królewski}
79%
{szczep}
79%
{by}
78%
{pogrześć}
75%
{wróg}!
70%
{Duch}
68%
{gnębił}
68%
{kropli}
68%
{krwi}
68%
{ostatniej}
68%
{będziemy}
65%
{lud},
65%
{Bronić}
64%
{żył}
64%
{zawierucha}.
62%
{ducha},
61%
{się}
61%
{Krzyżacka}
60%
{proch}
59%
{pył}
59%
{Aż}
58%
{rozpadnie}
57%
{każdy}
55%
{hetmanił}.
54%
{róg}!
53%
{Twierdzą}
53%
{próg}!
49%
{hufiec}
48%
{Orężny}
43%
{stanie}
43%
{złoty}
39%
{gdy}
38%
{pójdziem}
37%
{zabrzmi}
37%
{zgnieść}
27%
{miana}
26%
{cześć}
23%
{jej}
23%
{trumnę}.
23%
{żywo}
23%
{Pójdziemy},
22%
{czoła}
21%
{imię},
21%
{Podnosi}
20%
{dumne}.
19%
{dziadów}
17%
{Odzyska}
17%
{wnuk}!
17%

Rozkład punktacji

Percentyl według liczby udzielonych odpowiedzi

Procent ludzi z każdym wynikiem

Twoja historia wyników

Nie rozwiązałeś tego quizu